Hospodárska konvergencia v SR a vo vybraných štátoch EÚ

Konvergenčné kritériá Európskej únie. Výsledky hodnotenia hospodárskej konvergencie v 11 členských krajinách EÚ, vrátane Slovenska, za rok 2004.

Enregistré dans:
Détails bibliographiques
Auteur principal: Jankovská, Anežka
Format: Chapitre de livre
Langue:slovaque
Sujets:
Tags: Ajouter un tag
Pas de tags, Soyez le premier à ajouter un tag!

MARC

LEADER 00000naa$a2200000$$$4500
001 0058910
005 20240502071646.4
041 0 |a slo 
044 |a SK 
245 1 0 |a Hospodárska konvergencia v SR a vo vybraných štátoch EÚ  |c Anežka Jankovská 
520 |a Konvergenčné kritériá Európskej únie. Výsledky hodnotenia hospodárskej konvergencie v 11 členských krajinách EÚ, vrátane Slovenska, za rok 2004. 
610 2 0 |a konvergencia 
610 2 0 |a Európska únia 
610 2 0 |a Európska centrálna banka 
610 2 0 |a Vyšehradská štvorka 
610 2 0 |a Slovensko 
610 2 0 |a stabilita cien 
610 2 0 |a kurz výmenný 
610 2 0 |a miera úroková 
100 1 |a Jankovská, Anežka